| 000 | 00648nam a22002057a 4500 | ||
|---|---|---|---|
| 999 |
_c18289 _d18289 |
||
| 003 | AR-CdUCM | ||
| 008 | 190513b ||||| |||| 00| 0 spa d | ||
| 040 |
_aMUNICIPALIDAD PROVINCIAL DEL CUSCO _cBIBLIOTECA MUNICIPAL DEL CUSCO |
||
| 082 |
_a827.6 / _bS47 |
||
| 100 |
_aSéneca, Lucio Anneo _937420 |
||
| 245 |
_aTeatro : _bCompleto / |
||
| 260 |
_aBarcelona : _bDiamante, _c1958. |
||
| 300 |
_a329 paginas ; _c19 cm. |
||
| 440 |
_aObras Maestras _913716 |
||
| 505 | _aContenido :Séneca, su vida y su obra ;el dramaturgo / | ||
| 650 |
_aMitologías Griegas _938794 |
||
| 650 |
_aTeatro _9173 |
||
| 942 |
_2ddc _cLIBROS |
||
| 945 |
_arjall _d2019-05-13 |
||